[Event "2. Magistral Ciudad de Asunción 2009"]
[Site "Asunción PAR"]
[Date "2009.06.28"]
[Round "1.1"]
[White "Vera, Reinaldo"]
[Black "Cornejo, Max"]
[Result "1/2-1/2"]
[WhiteElo "2475"]
[BlackElo "2383"]
[PlyCount "126"]
[EventDate "2009.06.28"]
[EventType "tourn"]
[EventRounds "9"]
[EventCountry "PAR"]
[EventCategory "8"]
[Source "lmi"]
[SourceDate "2009.06.28"]

1. d4 d5 2. c4 e6 3. Nf3 c5 4. cxd5 exd5 5. g3 Nf6 6. Bg2 Be7 7. O-O O-O 8. Nc3
Nc6 9. Bg5 cxd4 10. Nxd4 h6 11. Be3 Re8 12. Rc1 Bg4 13. h3 Be6 14. Nxe6 fxe6
15. f4 Bf8 16. Bf2 Qa5 17. Qb3 Qb4 18. e4 Qxb3 19. axb3 Nb4 20. Rfd1 dxe4 21.
Nxe4 Nfd5 22. Nc3 Red8 23. Be4 Nxc3 24. bxc3 Nc6 25. Kg2 Be7 26. Kf3 Bf6 27.
Rd3 Rac8 28. Rxd8+ Rxd8 29. b4 a6 30. Be3 Kf7 31. h4 h5 32. Rc2 g6 33. Ke2 e5
34. f5 gxf5 35. Bxf5 Ne7 36. Be4 Nd5 37. Bd2 b5 38. Ra2 Rd6 39. Bxd5+ Rxd5 40.
Rxa6 e4 41. Rc6 Rd3 42. Be1 Be5 43. c4 bxc4 44. Rxc4 Bxg3 45. Rxe4 Rb3 46. Bxg3
Rxg3 47. b5 Rb3 48. Re5 Kg6 49. Kd2 Rb4 50. Kc3 Rxh4 51. b6 Rf4 52. b7 Rf8 53.
Rb5 Rb8 54. Kd4 h4 55. Kc5 Kg5 56. Kc6+ Kg4 57. Kc7 Rxb7+ 58. Kxb7 h3 59. Kc6
h2 60. Rb1 Kg3 61. Kd5 Kg2 62. Ke4 h1=Q 63. Rxh1 Kxh1 1/2-1/2

[Event "2. Magistral Ciudad de Asunción 2009"]
[Site "Asunción PAR"]
[Date "2009.06.28"]
[Round "1.2"]
[White "Rodriguez Vila, Andres"]
[Black "Soppe, Guillermo"]
[Result "1/2-1/2"]
[WhiteElo "2524"]
[BlackElo "2448"]
[PlyCount "122"]
[EventDate "2009.06.28"]
[EventType "tourn"]
[EventRounds "9"]
[EventCountry "PAR"]
[EventCategory "8"]
[Source "lmi"]
[SourceDate "2009.06.28"]

1. e4 c6 2. d4 d5 3. Nd2 dxe4 4. Nxe4 Bf5 5. Ng3 Bg6 6. Bc4 e6 7. N1e2 Bd6 8.
O-O Nd7 9. f4 Ne7 10. h4 h5 11. Bd3 Nf5 12. Nxf5 Bxf5 13. Bxf5 exf5 14. Qd3
Qxh4 15. Qxf5 Nf6 16. Qg5 Qg4 17. Ng3 O-O-O 18. Nf5 Ne4 19. Qxg4 hxg4 20. Re1
g6 21. Ne7+ Bxe7 22. Rxe4 Bh4 23. Bd2 f5 24. Re3 Rhe8 25. Kf1 Rxe3 26. Bxe3 Re8
27. Ke2 Re4 28. Kd3 Bg3 29. Rf1 b5 30. c3 a6 31. b3 Kd7 32. a4 Kd6 33. c4 Kd7
34. Bd2 Bh2 35. a5 Bg3 36. Rh1 Bxf4 37. Rh7+ Kc8 38. Bxf4 Rxf4 39. Rg7 Rf2 40.
Rxg6 Kb7 41. Rg7+ Kb8 42. Rg5 Rxg2 43. Rxf5 Rg3+ 44. Ke4 Rxb3 45. c5 Rf3 46.
Rg5 Rf7 47. Ke5 Kc7 48. Rxg4 Re7+ 49. Kf6 Rd7 50. Rh4 Rd8 51. Rg4 Rd5 52. Ke6
Rd7 53. Rh4 Rd5 54. Rh7+ Kc8 55. Ra7 Rxd4 56. Rxa6 Kb7 57. Rb6+ Kc7 58. a6 Rd1
59. Rb7+ Kc8 60. Rh7 Kb8 61. Rb7+ Kc8 1/2-1/2

[Event "2. Magistral Ciudad de Asunción 2009"]
[Site "Asunción PAR"]
[Date "2009.06.28"]
[Round "1.3"]
[White "Zambrana, Oswaldo"]
[Black "Coelho, Luis Henrique"]
[Result "1/2-1/2"]
[WhiteElo "2473"]
[BlackElo "2389"]
[PlyCount "46"]
[EventDate "2009.06.28"]
[EventType "tourn"]
[EventRounds "9"]
[EventCountry "PAR"]
[EventCategory "8"]
[Source "lmi"]
[SourceDate "2009.06.28"]

1. e4 c5 2. Nf3 Nc6 3. d4 cxd4 4. Nxd4 Nf6 5. Nc3 d6 6. Bg5 e6 7. Qd2 Be7 8.
O-O-O Nxd4 9. Qxd4 O-O 10. f3 a6 11. Kb1 Nxe4 12. Nxe4 Bxg5 13. Nxg5 Qxg5 14.
Qxd6 Bd7 15. h4 Qa5 16. Bd3 Rad8 17. Qg3 Bb5 18. Bxb5 Qxb5 19. b3 Rd7 20. a4
Qc6 21. Rxd7 Qxd7 22. h5 h6 23. Qe5 Qd2 1/2-1/2

[Event "2. Magistral Ciudad de Asunción 2009"]
[Site "Asunción PAR"]
[Date "2009.06.28"]
[Round "1.4"]
[White "Bachmann, Axel"]
[Black "Cubas, Jose Fernando"]
[Result "1/2-1/2"]
[WhiteElo "2555"]
[BlackElo "2434"]
[PlyCount "57"]
[EventDate "2009.06.28"]
[EventType "tourn"]
[EventRounds "9"]
[EventCountry "PAR"]
[EventCategory "8"]
[Source "lmi"]
[SourceDate "2009.06.28"]

1. c4 e5 2. Nc3 Nf6 3. Nf3 Nc6 4. e4 Bb4 5. d3 d6 6. g3 h6 7. Bg2 O-O 8. O-O a6
9. Nd5 Bc5 10. Be3 Bg4 11. h3 Bxf3 12. Bxf3 Nxd5 13. cxd5 Nd4 14. Rc1 a5 15.
Bg4 c6 16. dxc6 bxc6 17. Rc4 Rb8 18. Qc1 Rb4 19. b3 Rxc4 20. Qxc4 Qb6 21. Rc1
Kh7 22. Kg2 g6 23. Bxd4 Bxd4 24. Qxc6 Bxf2 25. Qxb6 Bxb6 26. Rc6 Bc5 27. Rc7
Kg8 28. Bd7 Ra8 29. Bc6 1/2-1/2

[Event "2. Magistral Ciudad de Asunción 2009"]
[Site "Asunción PAR"]
[Date "2009.06.28"]
[Round "1.5"]
[White "Brito, Luismar"]
[Black "Lujan, Carolina"]
[Result "1/2-1/2"]
[WhiteElo "2364"]
[BlackElo "2324"]
[PlyCount "20"]
[EventDate "2009.06.28"]
[EventType "tourn"]
[EventRounds "9"]
[EventCountry "PAR"]
[EventCategory "8"]
[Source "lmi"]
[SourceDate "2009.06.28"]

1. e4 c5 2. Nf3 a6 3. c4 e6 4. Nc3 Qc7 5. g3 Nf6 6. Bg2 Nc6 7. O-O d6 8. d4
cxd4 9. Nxd4 Nxd4 10. Qxd4 Be7 1/2-1/2

[Event "2. Magistral Ciudad de Asunción 2009"]
[Site "Asunción PAR"]
[Date "2009.06.29"]
[Round "2.1"]
[White "Cornejo, Max"]
[Black "Lujan, Carolina"]
[Result "1-0"]
[WhiteElo "2383"]
[BlackElo "2360"]
[PlyCount "135"]
[EventDate "2009.06.28"]
[EventType "tourn"]
[EventRounds "9"]
[EventCountry "PAR"]
[EventCategory "8"]
[Source "lmi"]
[SourceDate "2009.06.28"]

1. e4 c5 2. Nf3 e6 3. c3 d5 4. exd5 Qxd5 5. d4 Nf6 6. Na3 Qd8 7. Nc2 Be7 8. Bd3
Nbd7 9. Qe2 b6 10. O-O Qc7 11. Bg5 Bb7 12. dxc5 bxc5 13. Bxf6 Bxf6 14. Na3 O-O
15. Be4 Rab8 16. Bxb7 Qxb7 17. Nc4 Qc7 18. Nfd2 Nb6 19. g3 Rfd8 20. Rac1 g6 21.
Rcd1 Bg7 22. Nb3 h5 23. h4 Nd5 24. Rd2 Bf6 25. Rfd1 Kg7 26. Nca5 Rbc8 27. Nc4
Rb8 28. Nc1 Nb6 29. Rxd8 Rxd8 30. Rxd8 Qxd8 31. Nb3 Na4 32. Qc2 Qd5 33. Nbd2
Nb6 34. Nxb6 axb6 35. a4 c4 36. Kf1 Be7 37. Ke2 f5 38. b3 cxb3 39. Qxb3 Qe5+
40. Kf1 Bc5 41. Qc4 Qf6 42. Nb3 Bd6 43. Nd4 Kf7 44. f4 Bc5 45. Nf3 Qe7 46. Ne5+
Kg7 47. Nd3 Qb7 48. Nxc5 Qf3+ 49. Ke1 Qxg3+ 50. Kd1 bxc5 51. a5 Qxh4 52. Qxc5
Qh1+ 53. Kc2 h4 54. a6 Qe4+ 55. Kb3 Qb1+ 56. Ka4 Qe4+ 57. Qd4+ e5 58. Qxe4 fxe4
59. a7 exf4 60. a8=Q e3 61. Qd8 h3 62. Qd7+ Kf6 63. Qxh3 Ke5 64. Qg2 g5 65. Kb3
Kf5 66. Kc2 e2 67. Qxe2 g4 68. Kd3 1-0

[Event "2. Magistral Ciudad de Asunción 2009"]
[Site "Asunción PAR"]
[Date "2009.06.29"]
[Round "2.2"]
[White "Cubas, Jose Fernando"]
[Black "Brito, Luismar"]
[Result "1-0"]
[WhiteElo "2434"]
[BlackElo "2364"]
[PlyCount "113"]
[EventDate "2009.06.28"]
[EventType "tourn"]
[EventRounds "9"]
[EventCountry "PAR"]
[EventCategory "8"]
[Source "lmi"]
[SourceDate "2009.06.28"]

1. e4 c5 2. Nf3 d6 3. d4 cxd4 4. Nxd4 Nf6 5. Nc3 a6 6. Be2 e5 7. Nb3 Be6 8. O-O
Nbd7 9. f4 Qc7 10. f5 Bc4 11. a4 b6 12. Bg5 Be7 13. Nd2 Bxe2 14. Qxe2 O-O 15.
Nc4 Rfc8 16. Ne3 Kf8 17. Kh1 Qc6 18. Bxf6 Nxf6 19. Ned5 h6 20. Qd3 Nxd5 21.
Nxd5 f6 22. Qg3 Bd8 23. c3 b5 24. axb5 axb5 25. Rad1 Qe8 26. Qg4 Ra2 27. Qe2
Raa8 28. Rf3 Rc4 29. Rfd3 Rca4 30. h3 Ra1 31. Rxa1 Rxa1+ 32. Kh2 Qc6 33. Rd1
Rxd1 34. Qxd1 Bb6 35. Qa1 Qb7 36. Qa2 Qc6 37. Kg3 Bg1 38. b4 Qc8 39. Qa1 Qc4
40. Qxg1 Qxe4 41. Qd1 Qxf5 42. Kh2 e4 43. Qd4 h5 44. c4 bxc4 45. b5 e3 46. b6
e2 47. b7 e1=Q 48. b8=Q+ Kf7 49. Qc7+ Ke8 50. Qxd6 Qff1 51. Qe3+ Qxe3 52. Nxe3
Qe2 53. Qc6+ Kf8 54. Nxc4 Kg8 55. Qd5+ Kh7 56. Nd6 Kh8 57. Qa8+ 1-0

[Event "2. Magistral Ciudad de Asunción 2009"]
[Site "Asunción PAR"]
[Date "2009.06.29"]
[Round "2.3"]
[White "Coelho, Luis Henrique"]
[Black "Bachmann, Axel"]
[Result "0-1"]
[WhiteElo "2398"]
[BlackElo "2555"]
[PlyCount "80"]
[EventDate "2009.06.28"]
[EventType "tourn"]
[EventRounds "9"]
[EventCountry "PAR"]
[EventCategory "8"]
[Source "lmi"]
[SourceDate "2009.06.28"]

1. d4 Nf6 2. c4 g6 3. Nc3 Bg7 4. e4 d6 5. Nf3 O-O 6. Be2 e5 7. Be3 Nbd7 8. O-O
Re8 9. Qc2 exd4 10. Nxd4 c6 11. Rad1 Qc7 12. Rfe1 a6 13. h3 b5 14. cxb5 cxb5
15. Bxb5 axb5 16. Ndxb5 Qb8 17. Nxd6 Re6 18. Ncb5 Bf8 19. Bf4 Ne5 20. Nc7 Bxd6
21. Rxd6 Rxd6 22. Bxe5 Re6 23. Qc3 Rxe5 24. Qxe5 Bd7 25. Rc1 Ne8 26. Qd5 Nxc7
27. Qxd7 Ne6 28. b3 Kg7 29. Rc2 Qe5 30. Qd2 Qxe4 31. Qc3+ Kg8 32. Kh2 Rd8 33.
Rb2 Rd3 34. Qf6 Rd1 35. f3 Qd3 36. Qe5 h5 37. h4 Qf1 38. Rc2 Ng7 39. Qf6 Qh1+
40. Kg3 Nf5+ 0-1

[Event "2. Magistral Ciudad de Asunción 2009"]
[Site "Asunción PAR"]
[Date "2009.06.29"]
[Round "2.4"]
[White "Soppe, Guillermo"]
[Black "Zambrana, Oswaldo"]
[Result "0-1"]
[WhiteElo "2427"]
[BlackElo "2473"]
[PlyCount "82"]
[EventDate "2009.06.28"]
[EventType "tourn"]
[EventRounds "9"]
[EventCountry "PAR"]
[EventCategory "8"]
[Source "lmi"]
[SourceDate "2009.06.28"]

1. Nf3 d5 2. c4 c6 3. d4 Nf6 4. Nc3 e6 5. g3 Be7 6. Bg2 O-O 7. O-O Nbd7 8. Qd3
b6 9. e4 Ba6 10. b3 dxc4 11. bxc4 e5 12. Rd1 Qc7 13. dxe5 Nxe5 14. Nxe5 Qxe5
15. Bf4 Qh5 16. h3 Rad8 17. Qc2 Bxc4 18. Rxd8 Rxd8 19. Qa4 b5 20. Qxa7 Qc5 21.
Qc7 Rd3 22. e5 Nd5 23. Nxd5 cxd5 24. Qb8+ Bf8 25. Re1 Qb4 26. Rc1 Ra3 27. e6
fxe6 28. Qe5 Ra6 29. h4 Qc5 30. Bh3 d4 31. Qb8 d3 32. a4 bxa4 33. Be3 Qb5 34.
Qc8 Rc6 35. Qa8 Bd5 36. Rxc6 Qxc6 37. Qxc6 Bxc6 38. Bxe6+ Kh8 39. Bc4 Be4 40.
f3 Bxf3 41. Bxd3 Bd5 0-1

[Event "2. Magistral Ciudad de Asunción 2009"]
[Site "Asunción PAR"]
[Date "2009.06.30"]
[Round "3.1"]
[White "Rodriguez Vila, Andres"]
[Black "Cornejo, Max"]
[Result "1/2-1/2"]
[WhiteElo "2524"]
[BlackElo "2383"]
[PlyCount "98"]
[EventDate "2009.06.28"]
[EventType "tourn"]
[EventRounds "9"]
[EventCountry "PAR"]
[EventCategory "8"]
[Source "lmi"]
[SourceDate "2009.06.28"]

1. e4 e5 2. Bc4 Nf6 3. d3 c6 4. Nf3 d5 5. Bb3 Bb4+ 6. c3 Bd6 7. Bg5 dxe4 8.
dxe4 h6 9. Bh4 Qe7 10. Nbd2 Be6 11. Qe2 Nbd7 12. Nc4 Bxc4 13. Bxc4 Nf8 14. Nd2
Ng6 15. Bg3 h5 16. h4 Nf4 17. Qf3 O-O-O 18. O-O-O Kb8 19. Bh2 Ng4 20. Bg1 Bc5
21. g3 Ne6 22. Qe2 Nf6 23. f3 Bxg1 24. Rhxg1 g6 25. Qe3 Nd7 26. f4 Nc7 27. Nf3
f6 28. fxe5 Nxe5 29. Nxe5 Qxe5 30. Bf7 Nd5 31. Qd4 Qxd4 32. Rxd4 Ne7 33. Rgd1
Rxd4 34. Rxd4 Kc7 35. b4 Rh7 36. Be8 Nc8 37. Bxg6 Rg7 38. Bf5 Nd6 39. Rd3 Nxf5
40. exf5 Re7 41. Kd2 Re5 42. Rf3 b5 43. Rf4 c5 44. a3 Kb6 45. a4 bxa4 46. bxc5+
Rxc5 47. Kc2 a5 48. Rf3 Kb5 49. Kb2 Re5 1/2-1/2

[Event "2. Magistral Ciudad de Asunción 2009"]
[Site "Asunción PAR"]
[Date "2009.06.30"]
[Round "3.2"]
[White "Zambrana, Oswaldo"]
[Black "Vera, Reinaldo"]
[Result "1/2-1/2"]
[WhiteElo "2473"]
[BlackElo "2475"]
[PlyCount "62"]
[EventDate "2009.06.28"]
[EventType "tourn"]
[EventRounds "9"]
[EventCountry "PAR"]
[EventCategory "8"]
[Source "lmi"]
[SourceDate "2009.06.28"]

1. e4 c5 2. Nf3 d6 3. d4 cxd4 4. Nxd4 Nf6 5. Nc3 a6 6. Be3 e6 7. f3 b5 8. Qd2
b4 9. Na4 Nbd7 10. O-O-O d5 11. exd5 Nxd5 12. Bc4 N7f6 13. Bg5 Qc7 14. Qe2 Bd6
15. Nf5 Bf4+ 16. Kb1 Bxg5 17. Bxd5 Nxd5 18. Rxd5 O-O 19. Rc5 Qd8 20. Rd1 Bd7
21. f4 Bf6 22. Ng3 Qe7 23. Nb6 Qxc5 24. Nxd7 Qc6 25. Nxf6+ gxf6 26. Nh5 Kh8 27.
Nxf6 Rfd8 28. Rxd8+ Rxd8 29. Qh5 Kg7 30. Qg5+ Kh8 31. Qh5 Kg7 1/2-1/2

[Event "2. Magistral Ciudad de Asunción 2009"]
[Site "Asunción PAR"]
[Date "2009.06.30"]
[Round "3.3"]
[White "Bachmann, Axel"]
[Black "Soppe, Guillermo"]
[Result "1/2-1/2"]
[WhiteElo "2555"]
[BlackElo "2427"]
[PlyCount "149"]
[EventDate "2009.06.28"]
[EventType "tourn"]
[EventRounds "9"]
[EventCountry "PAR"]
[EventCategory "8"]
[Source "lmi"]
[SourceDate "2009.06.28"]

1. e4 c6 2. d4 d5 3. e5 Bf5 4. Nf3 e6 5. Be2 Be7 6. O-O h5 7. b3 Nh6 8. c4 Nd7
9. Nc3 a6 10. Bd3 Bxd3 11. Qxd3 g6 12. Bxh6 Rxh6 13. Nd2 Kf8 14. f4 Kg7 15. Nf3
b5 16. c5 a5 17. g3 Qc8 18. h3 b4 19. Na4 Qa6 20. Qe3 Qb5 21. Kg2 Rah8 22. Kf2
R6h7 23. Rae1 Rh6 24. Re2 Kf8 25. Ke1 Ke8 26. Kd2 Qa6 27. Kc1 Qb5 28. Kb2 Bd8
29. Ref2 Be7 30. Ra1 Bd8 31. Kc2 Kf8 32. a3 bxa3 33. Rxa3 Nb8 34. Nc3 Qb7 35.
Ne1 Na6 36. Nd3 Kg7 37. Rf1 Bc7 38. Ra4 Rb8 39. Rb1 Bd8 40. Na2 Qb5 41. Nc3 Qb7
42. Na2 Qb5 43. Rb2 Rh8 44. Kd1 Bc7 45. Ke1 Bd8 46. Kf2 Bc7 47. Kg2 Bd8 48. Qd2
Bc7 49. Qe2 Bd8 50. Qc2 Bc7 51. Kf3 Qb7 52. Ke3 Qc8 53. b4 axb4 54. Naxb4 Nxb4
55. Nxb4 Qb7 56. Raa2 Ra8 57. Na6 Qc8 58. Qd3 Re8 59. Kf3 Bd8 60. Nb4 Rxa2 61.
Rxa2 Qb7 62. Ra4 Ba5 63. Qa6 Qxa6 64. Nxa6 Bc3 65. Ke3 Ra8 66. Kd3 Be1 67. g4
hxg4 68. hxg4 Kf8 69. Ke2 Bc3 70. Kd3 Be1 71. Ra2 Ke7 72. Ke2 Bc3 73. Kd3 Be1
74. Ke2 Bc3 75. Kd3 1/2-1/2

[Event "2. Magistral Ciudad de Asunción 2009"]
[Site "Asunción PAR"]
[Date "2009.06.30"]
[Round "3.4"]
[White "Brito, Luismar"]
[Black "Coelho, Luis Henrique"]
[Result "1/2-1/2"]
[WhiteElo "2364"]
[BlackElo "2398"]
[PlyCount "88"]
[EventDate "2009.06.28"]
[EventType "tourn"]
[EventRounds "9"]
[EventCountry "PAR"]
[EventCategory "8"]
[Source "lmi"]
[SourceDate "2009.06.28"]

1. e4 c5 2. Nf3 Nc6 3. Nc3 d6 4. d4 cxd4 5. Nxd4 Nf6 6. Bg5 e6 7. Qd2 Be7 8.
O-O-O Nxd4 9. Qxd4 O-O 10. f4 Qa5 11. Bd3 h6 12. h4 e5 13. Qe3 exf4 14. Bxf4
Be6 15. Nd5 Bxd5 16. exd5 Nxd5 17. Qe4 f5 18. Qc4 Kh8 19. Bg5 Bf6 20. Bxf6 Nxf6
21. a3 d5 22. Qd4 Ne4 23. Rhf1 Rae8 24. Rf3 b6 25. c3 Qc5 26. Bc2 Qe7 27. g3
Qc7 28. Qxd5 Nxg3 29. Qd7 Qxd7 30. Rxd7 f4 31. Bg6 Rd8 32. Rxa7 h5 33. Kc2 Rf6
34. Bd3 g6 35. Rb7 Re8 36. Kd2 Re5 37. Rd7 Re8 38. Rd4 Ref8 39. a4 Kg7 40. b4
Kh6 41. Rd5 Re8 42. a5 bxa5 43. bxa5 Ne4+ 44. Kc2 g5 1/2-1/2

[Event "2. Magistral Ciudad de Asunción 2009"]
[Site "Asunción PAR"]
[Date "2009.07.01"]
[Round "4.1"]
[White "Cornejo, Max"]
[Black "Cubas, Jose Fernando"]
[Result "0-1"]
[WhiteElo "2383"]
[BlackElo "2434"]
[PlyCount "94"]
[EventDate "2009.06.28"]
[EventType "tourn"]
[EventRounds "9"]
[EventCountry "PAR"]
[EventCategory "8"]
[Source "lmi"]
[SourceDate "2009.06.28"]

1. e4 d5 2. exd5 Nf6 3. d4 Nxd5 4. c4 Nb6 5. Nc3 e5 6. Qe2 Be7 7. dxe5 Nc6 8.
Be3 Be6 9. Rd1 Qc8 10. Bxb6 axb6 11. Nf3 Bb4 12. Qc2 Rxa2 13. Be2 Bf5 14. Qb3
Qa8 15. O-O Bxc3 16. Qxc3 Qa5 17. Qxa5 Rxa5 18. Rd5 O-O 19. h3 Re8 20. Rfd1 Kf8
21. Bd3 Bxd3 22. R5xd3 Nxe5 23. Nxe5 Raxe5 24. Rd7 Re1+ 25. Rxe1 Rxe1+ 26. Kh2
Re7 27. Rd8+ Re8 28. Rd7 Rc8 29. Rd3 Ke7 30. Re3+ Kd7 31. Rd3+ Ke7 32. Re3+ Kd6
33. Rd3+ Kc5 34. Rd7 Kxc4 35. Rxf7 Kb3 36. Rxg7 Kxb2 37. Rxh7 c5 38. Rxb7 Rc6
39. Re7 c4 40. Re2+ Ka3 41. g4 b5 42. g5 b4 43. f4 c3 44. f5 c2 45. Re1 Rd6 46.
g6 Rd1 47. Re3+ Ka4 0-1

[Event "2. Magistral Ciudad de Asunción 2009"]
[Site "Asunción PAR"]
[Date "2009.07.01"]
[Round "4.2"]
[White "Coelho, Luis Henrique"]
[Black "Lujan, Carolina"]
[Result "1/2-1/2"]
[WhiteElo "2398"]
[BlackElo "2360"]
[PlyCount "83"]
[EventDate "2009.06.28"]
[EventType "tourn"]
[EventRounds "9"]
[EventCountry "PAR"]
[EventCategory "8"]
[Source "lmi"]
[SourceDate "2009.06.28"]

1. d4 Nf6 2. c4 c5 3. d5 e6 4. Nc3 exd5 5. cxd5 d6 6. Nf3 g6 7. g3 Bg7 8. Bg2
O-O 9. O-O a6 10. a4 Re8 11. Nd2 Nbd7 12. h3 Rb8 13. Nc4 Ne5 14. Na3 Nh5 15. e4
Bd7 16. a5 Qxa5 17. g4 Nf6 18. g5 Nh5 19. f4 Nc4 20. Nxc4 Qxa1 21. Nxd6 Bxc3
22. bxc3 Qxc3 23. Nxe8 Rxe8 24. Rf2 b5 25. Bb2 Qg3 26. Rf3 Qh4 27. Qc2 Qe1+ 28.
Kh2 Rxe4 29. Qxc5 Re2 30. Qd4 f6 31. gxf6 Qd2 32. Qxd2 Rxd2 33. Bc3 Rc2 34. Be5
Kf7 35. Ra3 Bc8 36. Kg1 Nxf6 37. d6 b4 38. Ra4 Rc1+ 39. Kf2 Rc2+ 40. Kg1 Rc1+
41. Kf2 Rc2+ 42. Kg1 1/2-1/2

[Event "2. Magistral Ciudad de Asunción 2009"]
[Site "Asunción PAR"]
[Date "2009.07.01"]
[Round "4.3"]
[White "Soppe, Guillermo"]
[Black "Brito, Luismar"]
[Result "1-0"]
[WhiteElo "2427"]
[BlackElo "2364"]
[PlyCount "127"]
[EventDate "2009.06.28"]
[EventType "tourn"]
[EventRounds "9"]
[EventCountry "PAR"]
[EventCategory "8"]
[Source "lmi"]
[SourceDate "2009.06.28"]

1. d4 c5 2. d5 e5 3. e4 d6 4. Nc3 Be7 5. Nf3 Bg4 6. h3 Bxf3 7. Qxf3 a6 8. b3
Bg5 9. Bb2 Nd7 10. a4 Qf6 11. Qxf6 Bxf6 12. a5 h5 13. h4 g6 14. Nd1 Nh6 15. Ne3
O-O 16. g3 Be7 17. Bh3 f5 18. f3 b5 19. axb6 Nxb6 20. Ke2 a5 21. Ra2 a4 22.
Rha1 fxe4 23. fxe4 axb3 24. cxb3 Rxa2 25. Rxa2 Rb8 26. Ra7 Kf8 27. Bc1 Nf7 28.
Bd2 Ra8 29. Rb7 Ra6 30. Kd3 Nd8 31. Rb8 Ke8 32. Kc3 Nd7 33. Rc8 Nb6 34. Bf1
Nxc8 35. Bxa6 Kd7 36. Bb5+ Kc7 37. Be8 g5 38. Nf5 gxh4 39. gxh4 Nb7 40. Bxh5
Bf8 41. Be2 Kd8 42. Ba6 Kc7 43. Bxb7 Kxb7 44. h5 Kc7 45. h6 Ne7 46. Nxe7 Bxe7
47. h7 Bf6 48. Kc4 Kb6 49. Bg5 Bh8 50. Bd8+ Kb7 51. Kb5 Bg7 52. Ba5 Bh8 53. Kc4
Kc8 54. Kd3 Kd7 55. Ke3 Ke7 56. Bc7 Bg7 57. Kf3 Kd7 58. Bb8 Ke7 59. Kg4 Kd7 60.
Kf5 Ke7 61. Kg6 Bh8 62. Bc7 Kd7 63. Ba5 Ke7 64. Bd2 1-0

[Event "2. Magistral Ciudad de Asunción 2009"]
[Site "Asunción PAR"]
[Date "2009.07.01"]
[Round "4.4"]
[White "Vera, Reinaldo"]
[Black "Bachmann, Axel"]
[Result "1/2-1/2"]
[WhiteElo "2475"]
[BlackElo "2555"]
[PlyCount "88"]
[EventDate "2009.06.28"]
[EventType "tourn"]
[EventRounds "9"]
[EventCountry "PAR"]
[EventCategory "8"]
[Source "lmi"]
[SourceDate "2009.06.28"]

1. d4 Nf6 2. c4 g6 3. Nc3 Bg7 4. e4 d6 5. Nf3 O-O 6. Be2 e5 7. O-O Nc6 8. d5
Ne7 9. Ne1 Nd7 10. Be3 f5 11. f3 f4 12. Bf2 g5 13. Rc1 Ng6 14. c5 Nxc5 15. b4
Na6 16. Nd3 Rf7 17. Nb5 Bd7 18. a4 Bf8 19. Nxa7 h5 20. Nc6 Qf6 21. Na5 Nxb4 22.
Nxb4 Rxa5 23. Rxc7 Bxa4 24. Qc1 Bb5 25. Rxf7 Qxf7 26. Bxb5 Rxb5 27. Qc4 Qd7 28.
Ra1 g4 29. Nc6 Rb2 30. Qc3 Re2 31. Kf1 gxf3 32. gxf3 Rxf2+ 33. Kxf2 Qh3 34. Rg1
Kh7 35. Na5 Kh6 36. Nxb7 Be7 37. Rxg6+ Kxg6 38. Kg1 Kf6 39. Qd3 Qc8 40. Qb5 Qc2
41. Qd7 Qd1+ 42. Kg2 Qe2+ 43. Kg1 Qe1+ 44. Kg2 Qe2+ 1/2-1/2

[Event "2. Magistral Ciudad de Asunción 2009"]
[Site "Asunción PAR"]
[Date "2009.07.01"]
[Round "4.5"]
[White "Rodriguez Vila, Andres"]
[Black "Zambrana, Oswaldo"]
[Result "0-1"]
[WhiteElo "2524"]
[BlackElo "2473"]
[PlyCount "98"]
[EventDate "2009.06.28"]
[EventType "tourn"]
[EventRounds "9"]
[EventCountry "PAR"]
[EventCategory "8"]
[Source "lmi"]
[SourceDate "2009.06.28"]

1. e4 c5 2. Nf3 Nc6 3. d4 cxd4 4. Nxd4 Nf6 5. Nc3 e5 6. Ndb5 d6 7. Bg5 a6 8.
Na3 b5 9. Nd5 Be7 10. Bxf6 Bxf6 11. c3 Bg5 12. Nc2 Ne7 13. a4 bxa4 14. Ncb4 O-O
15. Qxa4 a5 16. Nxe7+ Qxe7 17. Nd5 Qb7 18. Bb5 Rb8 19. c4 Be6 20. O-O Bxd5 21.
exd5 Bd8 22. Ra3 Bb6 23. Rh3 f5 24. Bd7 Kh8 25. Be6 g6 26. Qa3 Qc7 27. Qg3 Qg7
28. b3 Bc5 29. Qc3 Rb4 30. Qc2 e4 31. Kh1 Qd4 32. Rd1 Qe5 33. Re1 a4 34. f4 Qf6
35. Bd7 a3 36. Rb1 Ra8 37. Qa2 Qd4 38. g4 Qf2 39. Ra1 Qxa2 40. Rxa2 e3 41. gxf5
Kg7 42. fxg6 hxg6 43. Rg3 e2 44. Rxe2 a2 45. Rxa2 Rxa2 46. h4 Rb7 47. Be6 Kf6
48. f5 gxf5 49. h5 Rg7 0-1

[Event "2. Magistral Ciudad de Asunción 2009"]
[Site "Asunción PAR"]
[Date "2009.07.02"]
[Round "5.1"]
[White "Zambrana, Oswaldo"]
[Black "Cornejo, Max"]
[Result "1-0"]
[WhiteElo "2473"]
[BlackElo "2383"]
[PlyCount "101"]
[EventDate "2009.06.28"]
[EventType "tourn"]
[EventRounds "9"]
[EventCountry "PAR"]
[EventCategory "8"]
[Source "lmi"]
[SourceDate "2009.06.28"]

1. e4 c5 2. Nf3 a6 3. c3 e6 4. d4 d5 5. exd5 exd5 6. Be2 Nc6 7. O-O Bd6 8. dxc5
Bxc5 9. Nbd2 Nge7 10. Nb3 Bd6 11. Bg5 Qc7 12. h3 h6 13. Be3 O-O 14. Bd3 Bf4 15.
Re1 Rd8 16. Nbd4 Bd7 17. Bc2 Re8 18. Qd2 Bxe3 19. Rxe3 Qd6 20. Rae1 Rad8 21.
Qd3 g6 22. h4 Kf8 23. h5 Bf5 24. Qd2 Bxc2 25. Ne6+ fxe6 26. Rxe6 Ng8 27. Rxd6
Rxe1+ 28. Nxe1 Rxd6 29. Qxc2 gxh5 30. Qf5+ Nf6 31. Qc8+ Nd8 32. Nf3 Ke8 33. Nd4
Nd7 34. Qc7 Rf6 35. a4 b6 36. b4 h4 37. f3 h5 38. Kh2 b5 39. axb5 axb5 40. Nxb5
h3 41. Kxh3 Ne6 42. Qc8+ Ke7 43. Kh2 Nd8 44. Nd4 Rb6 45. Qa8 Nf6 46. Qa5 Rb7
47. Qc5+ Ke8 48. Qd6 Rf7 49. b5 Nb7 50. Qb8+ Nd8 51. Nc6 1-0

[Event "2. Magistral Ciudad de Asunción 2009"]
[Site "Asunción PAR"]
[Date "2009.07.02"]
[Round "5.2"]
[White "Bachmann, Axel"]
[Black "Rodriguez Vila, Andres"]
[Result "1/2-1/2"]
[WhiteElo "2555"]
[BlackElo "2524"]
[PlyCount "220"]
[EventDate "2009.06.28"]
[EventType "tourn"]
[EventRounds "9"]
[EventCountry "PAR"]
[EventCategory "8"]
[Source "lmi"]
[SourceDate "2009.06.28"]

1. c4 d6 2. d4 f5 3. Nc3 Nf6 4. Bg5 Nbd7 5. Nf3 g6 6. Qc2 Bg7 7. e4 Nxe4 8.
Nxe4 fxe4 9. Qxe4 Nf6 10. Qc2 O-O 11. h3 Bf5 12. Bd3 Qd7 13. O-O-O b5 14. Rhe1
e6 15. Bxf5 exf5 16. Ne5 Qc8 17. Nc6 Qa6 18. Nb4 Qb7 19. Bxf6 Rxf6 20. cxb5
Qxb5 21. Qc6 Rb8 22. Qxb5 Rxb5 23. Nc6 d5 24. Re8+ Rf8 25. Re7 Rf7 26. Re8+ Rf8
27. Re7 Rf7 28. Rde1 Bf6 29. Re8+ Rf8 30. R1e6 Rxe8 31. Rxe8+ Kf7 32. Rc8 Ke6
33. Rxc7 a6 34. Rxh7 Rb6 35. Ne5 Bxe5 36. dxe5 Kxe5 37. b3 f4 38. Kd2 Rc6 39.
Kd3 Rc1 40. Re7+ Kf5 41. Rd7 Ke5 42. Ra7 Rg1 43. Rxa6 Rxg2 44. Ke2 g5 45. b4
Rh2 46. Ra3 Rh1 47. b5 Kd6 48. Rb3 Kc7 49. b6+ Kb7 50. a3 d4 51. a4 Ra1 52. Rb4
Ra2+ 53. Kf3 d3 54. Rd4 d2 55. a5 Rxa5 56. Rxd2 Kxb6 57. Rc2 Kb7 58. Kg4 Rd5
59. f3 Rb5 60. Rc4 Rd5 61. Rc3 Rb5 62. Rc2 Rd5 63. Rc1 Rb5 64. Re1 Kc7 65. Re6
Kd7 66. Rg6 Ke7 67. Rxg5 Rb8 68. Rf5 Ke6 69. h4 Rg8+ 70. Kxf4 Rg1 71. Re5+ Kf6
72. Rf5+ Ke6 73. Ra5 Kf6 74. h5 Rh1 75. Ra6+ Kg7 76. h6+ Kh7 77. Kg5 Rg1+ 78.
Kf5 Rb1 79. f4 Rb5+ 80. Kg4 Rc5 81. f5 Rc1 82. Kg5 Rg1+ 83. Kf6 Rb1 84. Ra2 Rb3
85. Rh2 Rb1 86. Ke6 Rb6+ 87. Ke5 Rb5+ 88. Kf4 Rb8 89. Kg5 Rg8+ 90. Kh5 Rf8 91.
Kg5 Rg8+ 92. Kf6 Rb8 93. Rh4 Ra8 94. Re4 Ra1 95. Re8 Ra2 96. Re1 Rb2 97. Ra1
Rb3 98. Kg5 Rg3+ 99. Kf4 Rb3 100. Ra6 Rb1 101. Re6 Rb2 102. Kg5 Rg2+ 103. Kf6
Rf2 104. Ke5 Re2+ 105. Kd6 Rf2 106. f6 Kxh6 107. Ke7 Kg6 108. Re1 Ra2 109. Rg1+
Kh7 110. Rd1 Kg6 1/2-1/2